000 00192 a2200097 4500
020 _a9780939729258
041 _aspa
100 _aJoe Hayes
245 _aDonde hay Ganas hay Maąs
942 _cK
999 _c31381
_d31379